| 000 | 00521cab a2200193 4500 | ||
|---|---|---|---|
| 001 | X2273 | ||
| 008 | 090401t1995 xxu||||| |||| 00| 0 eng d | ||
| 035 | _a(Sirsi) u23067 | ||
| 041 | _aeng | ||
| 245 | _aPresidents perambulations | ||
| 260 | _c1995 | ||
| 350 | _a0 | ||
| 490 |
_aCSM (Chartered Surveyor Monthly) _v4(6) April 1995, 58(1) |
||
| 650 | _aNEXT STEPS | ||
| 650 | _aSOCIETY OF SURVEYING TECHNICIANS | ||
| 690 | _aMANAGEMENT-BUSINESS MANAGEMENT-PROFESSIONAL PRACTICE | ||
| 942 | _n0 | ||
| 948 | _c04/03/1997 | ||
| 999 |
_c15456 _d15456 |
||